Sovereignty as a trojan horse (Registro nro. 13002)

Detalles MARC
000 -CABECERA
Campo de control 006950000a22001930004500
090 ## - CLASIFICACIÓN LOCAL
Colección AR
Consecutivo 03968
041 0# - IDIOMA
Código de idioma para texto/pista de sonido o título separado
100 1# - ASIENTO PRINCIPAL--NOMBRE PERSONAL
Nombre personal Vogel, Joseph Henry
245 10 - MENCION DE TITULO
Título Sovereignty as a trojan horse
Version how the convention on biological diversity morphs biopiracy into biofraud
260 ## - PUBLICACION, DISTRIBUCION, ETC. (PIE DE IMPRENTA)
Lugar de publicación, distribución, etc. Cusco
Fecha de publicación, distribución, etc. 2002
300 ## - DESCRIPCION FISICA
Extensión 1-15
500 ## - NOTA GENERAL
Nota general <Colección Recursos Genéticos>
650 14 - ASIENTO SECUNDARIO DE MATERIA - TERMINO TEMATICO
Término temático o nombre geográfico como elemento de entrada Biopiratería
650 14 - ASIENTO SECUNDARIO DE MATERIA - TERMINO TEMATICO
Término temático o nombre geográfico como elemento de entrada Biocomercio
650 14 - ASIENTO SECUNDARIO DE MATERIA - TERMINO TEMATICO
Término temático o nombre geográfico como elemento de entrada Legislación ambiental
650 14 - ASIENTO SECUNDARIO DE MATERIA - TERMINO TEMATICO
Término temático o nombre geográfico como elemento de entrada Acceso a los recursos genéticos
773 1# - Item fuente:
Título In Environment legislation on access to genetic resources, traditional knowledge and intellectual property rights
942 ## - ELEMENTOS ADICIONALES (KOHA)
Tipo de ítem Artículo
Existencias
Withdrawn status Lost status Damaged status No para préstamo Colección Ubicación Permanente Ubicación actual Fecha de adquisición Datos de publicación Seriada Total Checkouts Número topográfico Inventario / Código de Barras Date last seen Ejemplar Price effective from Forma de adquisición Tipo de material
      No para Préstamo Hemeroteca Bogotá Bogotá 27/02/2015 Fuera de circulación   AR 03968 017505 25/03/2015 1 25/03/2015   Artículo